| 000 | 00771cam a2200265 i 4500 | ||
|---|---|---|---|
| 001 | 16373347 | ||
| 005 | 20180110072301.0 | ||
| 008 | 100803s2012 at a b 001 0 eng d | ||
| 010 | _a 2010934025 | ||
| 020 | _a9780538475402 | ||
| 020 | _a0538475404 | ||
| 035 | _a(OCoLC)ocn700296087 | ||
| 040 |
_aZNC _beng _cZNC _dBTCTA _dYDXCP _dBWX _dOL$ _dOCLCF _dOCLCQ _dDLC |
||
| 041 | _aeng | ||
| 042 | _alccopycat | ||
| 080 | _a658.8 | ||
| 082 | 0 | 4 |
_a658.8 PRI _222 |
| 100 | 1 | _a61 | |
| 101 | _aMKT | ||
| 245 | 1 | 0 |
_aMarketing / _cWilliam M. Pride, O.C. Ferrell. |
| 504 | _aIncludes bibliographical references and indexes. | ||
| 906 |
_a7 _bcbc _ccopycat _d2 _encip _f20 _gy-gencatlg |
||
| 942 |
_2ddc _cBK |
||
| 999 |
_c39988 _d39988 |
||